Atlas sveta
Na minha lista:
| Formato: | Livro |
|---|---|
| Idioma: | eslovaco |
| Publicado em: |
Bratislava
Slovenská kartografia
1984
|
| Edição: | 12. vyd. |
| Tags: |
Sem tags, seja o primeiro a adicionar uma tag!
|
MARC
| LEADER | 00000nam a2200000 4500 | ||
|---|---|---|---|
| 001 | c106781 | ||
| 005 | 20221220084745.6 | ||
| 041 | 0 | |a slo | |
| 044 | |a SK | ||
| 245 | 1 | 0 | |a Atlas sveta |
| 250 | |a 12. vyd. | ||
| 264 | 1 | |a Bratislava |b Slovenská kartografia |c 1984 | |
| 300 | |a 94, 31 s. | ||